00444 a2200157 4500003000400000005001700004008004100021020001800062040000900080082002000089100003000109245009200139250001200231260003300243300001000276OSt20231102133713.0231102b |||||||| |||| 00| 0 eng d a9789391600211 coclc a297.1221bAZA/Q a Azad, Maulana Abul Kalam aQuran Adisthana Thathwangalb= Basic concepts of the Quran, /cMaulana Abdul Kalam Azad a3rd ed. aKerala:bOther books,c2022. a121 p